000 00365nam a2200109Ia 4500
008 200302s9999 xx 000 0 und d
100 _aDennis S.Tosh & William B. Rayburn
245 _aUniform Standards Of Professional Appraisal Practice : Applying The Standards 13th Edition
260 _bDearbornTM Real Estate Education, Chicago
260 _c2006
300 _a189 P
999 _c4959
_d4959